Statistics for Name a Valid Word #2

Click here to take the quiz!

General Stats

  • This quiz has been taken 12,215 times
  • The average score is 10 of 17

Answer Stats

Criteria Words % Correct
Five letters, ends in ONYagony | crony | ebony | irony | loony | peony | phony | stony | others ...
87%
Starts with B, is a treebirch | balsa | beech | banyan | baobab | buckeye | bergamot | others ...
82%
Five letters, ends in SONarson | bison | boson | mason | meson
80%
Five letters, ends in O, is a
musical instrument
banjo | bongo | cello | guiro | kazoo | piano | taiko
79%
Five letters, ends in FULawful | woful
77%
Ends in X, is a body partappendix | coccyx | cortex | larynx | pharynx | thorax | others ...
74%
Six letters, starts with EARearbud | earful | earned | earner | earths | earthy | earwax | earwig
69%
Has three or more A's, is a
type of food
asparagus | banana | baklava | cassava | lasagna |
macadamia | papaya | others ...
68%
Seven letters, starts with PORTportage | portals | portend | portent | porters | portico |
porting | portion | portray
66%
Starts with T, is a muscletarsal | tricep | tongue | trapezius
64%
Five letters, Q is the second letterequal | equid | equip | squab | squad | squat | squid | ohers ...
62%
Five letters, starts and ends in Hharsh | hatch | heath | heigh | hitch | hooch | humph | hunch | hutch
58%
Five or more letters, ends in LORDmilord | landlord | overlord | slumlord | warlord
50%
Five letters, starts and ends in Ccivic | codec | colic | comic | conic | cosec | cubic | cynic
35%
Seven letters, ends in BITexhibit | gigabit | inhabit | inhibit | kilobit | megabit | rarebit | others ...
22%
Yiddish loan word, ends in Zblintz | kibitz | klutz | plotz | schmutz | schnoz
21%
Compound word with two double O'scookbook | moonroof | foolproof | footloose |
footstool | schoolroom | others ...
10%

Score Distribution

Percentile by Number Answered

Percent of People with Each Score

Your Score History

You have not taken this quiz